Normal view
MARC view
Entry Personal Name
001 - CONTROL NUMBER
- control field: 159191
003 - CONTROL NUMBER IDENTIFIER
- control field: OSt
005 - DATE AND TIME OF LATEST TRANSACTION
- control field: 20220923211157.0
008 - FIXED-LENGTH DATA ELEMENTS
- fixed length control field: 220923|| aca||aabn | a|a d
040 ## - CATALOGING SOURCE
- Original cataloging agency: OSt
- Transcribing agency: OSt
100 ## - HEADING--PERSONAL NAME
- Personal name: शाण्डिल्य, राज कुमार
670 ## - SOURCE DATA FOUND
- Source citation: Work cat.: (OSt)296378: शाण्डिल्य, राज कुमार, आचार्य मथुरादत्त पाण्डेय कृत एकाड प×चदशी का अनुशीलन, 2005
